000 01488nam a2200337Ia 4500
001 ebr10082121
003 CaPaEBR
006 m u
007 cr cn|||||||||
008 030904s2003 enk sb 001 0 eng d
020 _z0719064406
020 _z0719064414 (PBK.)
040 _aCaPaEBR
_cCaPaEBR
035 _a(OCoLC)60638482
050 1 4 _aBF1569
_b.B75 2003eb
082 0 4 _a133.4309024
_221
100 1 _aBroedel, Hans Peter.
245 1 4 _aThe Malleus Maleficarum and the construction of witchcraft
_h[electronic resource] :
_btheology and popular belief /
_cHans Peter Broedel.
260 _aManchester ;
_aNew York :
_bManchester University Press ;
_aNew York :
_bDistributed by Palgrave,
_c2003.
300 _a209 p.
490 1 _aStudies in early modern European history
504 _aIncludes bibliographical references (p. [189]-204) and index.
533 _aElectronic reproduction.
_bPalo Alto, Calif. :
_cebrary,
_d2009.
_nAvailable via World Wide Web.
_nAccess may be limited to ebrary affiliated libraries.
600 1 0 _aInstitoris, Heinrich,
_d1430-1505.
_tMalleus maleficarum.
600 1 0 _aSprenger, Jakob,
_d1436 or 8-1495.
_tMalleus maleficarum.
650 0 _aWitchcraft
_xHistory
_yTo 1500.
655 7 _aElectronic books.
_2local
710 2 _aebrary, Inc.
830 0 _aStudies in early modern European history.
856 4 0 _uhttp://site.ebrary.com/lib/rucke/Doc?id=10082121
_zAn electronic book accessible through the World Wide Web; click to view
999 _c55262
_d55262